[Event "45th POL-ch (w)"]
[Site "Lublin POL"]
[Date "1993.??.??"]
[Round "13"]
[White "Dworakowska, Joanna"]
[Black "Lewandowska, Katarzyna"]
[Result "0-1"]
[WhiteElo "2120"]
[BlackElo "2170"]
[EventDate "1993.04.19"]
[PlyCount "88"]

1.e4 c5 2.Nf3 Nc6 3.d4 cxd4 4.Nxd4 Nf6 5.Nc3 e5 6.Ndb5 d6 7.Bg5 a6 8.Na3 
b5 9.Bxf6 gxf6 10.Nd5 Bg7 11.Bd3 Ne7 12.Nxe7 Qxe7 13.c4 f5 14.O-O O-O 15.
Qh5 Rb8 16.exf5 e4 17.Rae1 Bb7 18.f3 bxc4 19.Bb1 Qe5 20.fxe4 Rfc8 21.Kh1 
Ba8 22.Qg4 h5 23.Qxh5 Rxb2 24.Qg4 Qf6 25.Rd1 Kf8 26.Nc2 c3 27.h3 Rc5 28.
Rfe1 Bc6 29.Rc1 Bh6 30.Rcd1 Bd2 31.Rf1 Bb5 32.Rg1 Bd3 33.Na3 Bxb1 34.Rxb1 
c2 35.Rbc1 Rxa2 36.Rxc2 Raxc2 37.Nxc2 Rxc2 38.Qf3 Rc1 39.Qd3 Rxg1+ 40.Kxg1
Qa1+ 41.Kf2 Qe1+ 42.Kf3 Qd1+ 43.Qe2 Qxe2+ 44.Kxe2 Bf4 0-1

[Event "45th POL-ch (w)"]
[Site "Lublin POL"]
[Date "1993.??.??"]
[Round "13"]
[White "Bednarska, Malgorzata"]
[Black "Dabrowska, Krystyna"]
[Result "1/2-1/2"]
[WhiteElo "2180"]
[BlackElo "2240"]
[EventDate "1993.04.19"]
[PlyCount "121"]

1.e4 e5 2.Nf3 d6 3.d4 Nf6 4.Nc3 Nbd7 5.Bc4 Be7 6.O-O O-O 7.a4 c6 8.Qe2 
exd4 9.Nxd4 Re8 10.Be3 Bf8 11.f3 d5 12.exd5 Nb6 13.Ba2 Nbxd5 14.Nxd5 Nxd5 
15.Bxd5 Qxd5 16.Qd2 b6 17.Rfe1 Ba6 18.Bf2 Rxe1+ 19.Rxe1 Rd8 20.Qf4 Bc8 21.
Qc7 Qd7 22.Qxc6 g6 23.c3 Bc5 24.Qf6 Re8 25.Rxe8+ Qxe8 26.h3 Ba6 27.b4 Bf8 
28.Nf5 Qe6 29.Qxe6 fxe6 30.Nd4 Bc4 31.Nc6 Bg7 32.Nxa7 Bxc3 33.b5 Bb3 34.
Bxb6 Bxa4 35.Bc5 Kf7 36.Kf1 Ke8 37.Kf2 Kd7 38.Ke3 Be5 39.Ke4 Bb8 40.b6 Kd8
41.Bd4 Bc2+ 42.Ke3 Ba4 43.Kd3 Kd7 44.Bc5 e5 45.Kc3 Bxa7 46.bxa7 Bc6 47.Kd3
Ba8 48.Be3 Ke6 49.Kc4 Kd6 50.Kb5 Bd5 51.Bc5+ Kd7 52.Bf2 e4 53.Kc5 Ba8 54.
fxe4 Bxe4 55.g3 Bg2 56.Kd4 Ke6 57.Ke3 Ba8 58.Kf4 h5 59.Kg5 Kf7 60.Bd4 Bb7 
61.h4 1/2-1/2